| 000 | 00430nam a22001457a 4500 | ||
|---|---|---|---|
| 082 |
_a624.1042 _bMIL _cL-26, P-72 |
||
| 100 |
_aGHQ _938260 |
||
| 245 | _aSchedule of rates 1988 / | ||
| 260 |
_aRawalpindi: _bAl-Umar Printer Ali Akbar House G-8 Islamabad _cc1989 |
||
| 300 |
_avi, 716 p.: _c19cm |
||
| 526 |
_a0 _b0 _c0 _d624_104200000000000_MIL |
||
| 526 |
_a0 _b0 _c0 _d624_104200000000000_MIL |
||
| 650 |
_aMCE _9379 |
||
| 942 |
_2ddc _cBK |
||
| 999 |
_c546269 _d546269 |
||